Southville International School and Colleges
Your cart is empty.
  • Cart
  • Lists
    Public lists Eva Luna New books Lux_list list_1
    Your lists Log in to create your own lists
  • Log in to your account
  • Your cookies
  • Search history
Southville International School and Colleges
  • Advanced search
  • Recent comments
  • Most popular
  • Libraries

Log in to your account

Log in with GOOGLE


If you do not have an external account, but do have a local account, you can still log in:

  1. Home
  2. MARC view: The adventures of Tom Sawyer /
Normal view MARC view ISBD view

The adventures of Tom Sawyer / (Record no. 306667)

[ view plain ]
MARC details
000 -LEADER
fixed length control field 00530nam a2200181Ia 4500
008 - FIXED-LENGTH DATA ELEMENTS--GENERAL INFORMATION
fixed length control field 170203s9999 xx 000 0 und d
020 ## - INTERNATIONAL STANDARD BOOK NUMBER
International Standard Book Number 8178134608
050 ## - LIBRARY OF CONGRESS CALL NUMBER
Classification number Fic
050 ## - LIBRARY OF CONGRESS CALL NUMBER
Item number A244
100 ## - MAIN ENTRY--PERSONAL NAME
Personal name De Castro, Doreen.
245 #4 - TITLE STATEMENT
Title The adventures of Tom Sawyer /
245 ## - TITLE STATEMENT
Statement of responsibility, etc retold from Mark Twain by Doreen de Castro.
260 ## - PUBLICATION, DISTRIBUTION, ETC. (IMPRINT)
Name of publisher, distributor, etc Sunrise Publishers & Distributors.
300 ## - PHYSICAL DESCRIPTION
Extent 160 pages :
650 ## - SUBJECT ADDED ENTRY--TOPICAL TERM
Topical term or geographic name as entry element Fiction.
650 ## - SUBJECT ADDED ENTRY--TOPICAL TERM
Topical term or geographic name as entry element Sawyer, Tom (Fictitious character) --
650 ## - SUBJECT ADDED ENTRY--TOPICAL TERM
General subdivision Sawyer, Tom (Fictitious character)
Holdings
Withdrawn status Lost status Damaged status Home library Current library Shelving location Date acquired Total Checkouts Full call number Barcode Date last seen Price effective from Koha item type
      Stonyhurst Southville International School (Batangas) Stonyhurst Southville International School (Batangas)   02/03/2017   Fic .A244 LS-3959 02/03/2017 02/03/2017 Books

The adventures of Tom Sawyer /

APA

De Castro D., .The adventures of Tom Sawyer. : Sunrise Publishers & Distributors.

Chicago

De Castro Doreen, .The adventures of Tom Sawyer. : Sunrise Publishers & Distributors.

Harvard

De Castro D., .The adventures of Tom Sawyer. : Sunrise Publishers & Distributors.

MLA

De Castro Doreen, .: Sunrise Publishers & Distributors. .

  • Place hold
  • Print
  • Cite
  • Add to your cart (remove)
  • Save record
    BIBTEX Dublin Core MARCXML MARC (non-Unicode/MARC-8) MARC (Unicode/UTF-8) MARC (Unicode/UTF-8, Standard) MODS (XML) RIS
  • More searches
    Search for this title in:
    Other Libraries (WorldCat) Other Databases (Google Scholar) Online Stores (Bookfinder.com) Open Library (openlibrary.org)

Exporting to Dublin Core...

SOUTHVILLE LIBRARY

Southville International School and Colleges Library

1281 Tropical Ave. Cor. Luxembourg St., BF Homes International, Las Pinas City

Tel. No. 8256374 / 252358 Loc. 117/146

Powered by Koha